Social geography : (Record no. 26031)
[ view plain ]
| 000 -LEADER | |
|---|---|
| fixed length control field | 00991cam a22002895a 4500 |
| 001 - CONTROL NUMBER | |
| control field | 3396996 |
| 005 - DATE AND TIME OF LATEST TRANSACTION | |
| control field | 20201128024230.0 |
| 008 - FIXED-LENGTH DATA ELEMENTS--GENERAL INFORMATION | |
| fixed length control field | 890113s1989 enka frb 001 0 eng d |
| 020 ## - INTERNATIONAL STANDARD BOOK NUMBER | |
| International Standard Book Number | 9780713164749 |
| 020 ## - INTERNATIONAL STANDARD BOOK NUMBER | |
| International Standard Book Number | 0713164743 |
| 040 ## - CATALOGING SOURCE | |
| Original cataloging agency | DLC |
| Transcribing agency | DLC |
| Modifying agency | DLC |
| -- | EG-ScBUE |
| Language of cataloging | eng |
| 043 ## - GEOGRAPHIC AREA CODE | |
| Geographic area code | e-uk--- |
| 082 04 - DEWEY DECIMAL CLASSIFICATION NUMBER | |
| Edition number | 22 |
| Classification number | 304.20941 |
| Item number | CAT |
| 100 1# - MAIN ENTRY--PERSONAL NAME | |
| Personal name | Cater, John, |
| Dates associated with a name | 1953- |
| 245 10 - TITLE STATEMENT | |
| Title | Social geography : |
| Remainder of title | an introduction to contemporary issues / |
| Statement of responsibility, etc | John Cater and Trevor Jones. |
| 260 ## - PUBLICATION, DISTRIBUTION, ETC. (IMPRINT) | |
| Place of publication, distribution, etc | London : |
| Name of publisher, distributor, etc | Edward Arnold, |
| Date of publication, distribution, etc | 1989. |
| 300 ## - PHYSICAL DESCRIPTION | |
| Extent | xii, 260 p. : |
| Other physical details | ill. ; |
| Dimensions | 24 cm. |
| 504 ## - BIBLIOGRAPHY, ETC. NOTE | |
| Bibliography, etc | Includes bibliographical references and index. |
| 650 #7 - SUBJECT ADDED ENTRY--TOPICAL TERM | |
| Topical term or geographic name as entry element | Sociology. |
| Source of heading or term | BUEsh |
| 9 (RLIN) | 718 |
| 650 #7 - SUBJECT ADDED ENTRY--TOPICAL TERM | |
| Topical term or geographic name as entry element | Human geography. |
| Source of heading or term | BUEsh |
| 9 (RLIN) | 24253 |
| 650 #7 - SUBJECT ADDED ENTRY--TOPICAL TERM | |
| Topical term or geographic name as entry element | Human geography |
| Geographic subdivision | Great Britain. |
| Source of heading or term | BUEsh |
| 651 #7 - SUBJECT ADDED ENTRY--GEOGRAPHIC NAME | |
| Geographic name | Great Britain |
| General subdivision | Social conditions |
| Chronological subdivision | 1945- |
| Source of heading or term | BUEsh |
| 651 #7 - SUBJECT ADDED ENTRY--GEOGRAPHIC NAME | |
| Geographic name | Great Britain |
| General subdivision | Economic conditions |
| Chronological subdivision | 1979-1997. |
| Source of heading or term | BUEsh |
| 9 (RLIN) | 33413 |
| 653 ## - INDEX TERM--UNCONTROLLED | |
| Resource For college | Generalities |
| Arrived date list | January2018 |
| 700 1# - ADDED ENTRY--PERSONAL NAME | |
| Personal name | Jones, Trevor, |
| Dates associated with a name | 1940- |
| 942 ## - ADDED ENTRY ELEMENTS (KOHA) | |
| Source of classification or shelving scheme | Dewey Decimal Classification |
| Withdrawn status | Item status | Source of classification or shelving scheme | Damaged status | Not for loan | Home library | Current library | Shelving location | Date acquired | Total Checkouts | Full call number | Barcode | Date last seen | Koha item type |
|---|---|---|---|---|---|---|---|---|---|---|---|---|---|
| Dewey Decimal Classification | Central Library | Central Library | First floor | 29/01/2018 | 304.20941 CAT | 000047194 | 15/07/2025 | Book - Borrowing |